LEADER 01389nam a2200325 a 4500 001 000000124675 003 CaOOAMICUS 005 20110310140315.0 008 110310s2011 it u000 u ita r 020 $a978-88-6132-475-6 040 $aPUL$bita 082 04$a346.45 110 1 $aItalia.$0(OLS)http://pul/name/1188 245 10$aCodice delle assicurazioni /$ca cura di Luigi Farenga. 250 $a10. ed. 260 $aPiacenza :$bLa Tribuna,$cİ2011. 300 $a1240 p.$c19 cm. 490 1 $aI codici commentati con la giurisprudenza 500 $aSulla coperta: aggiornato con la normativa pubblicata sulla Gazzetta Ufficiale n. 257 del 03 novembre 2010. 650 4$aAssicurazioni$zItalia$xDiritto.$0(OLS)http://pul/subject/27569 700 1 $aFarenga, Luigi.$0(OLS)http://pul/name/68144 830 2$aI codici commentati con la giurisprudenza.$0(OLS)http://pul/title/135813 850 $aPUL 852 $aPUL$W1$xDP2 Diritto e Scienze Sociali 3$y110$m348. 45 COD 3.2.15$j143558$qDDC 21$B142588$CPULBib$Z2$F142588 $H116323 $82 941 1 $a9 996 $6020$a978-88-6132-475-6$9(OLS)http://pul/number/146661 996 $6082$a346.45$9(OLS)http://pul/classification/372 996 $6245$aCodice delle assicurazioni$9(OLS)http://pul/title/154711 996 $6260$aPiacenza :$bLa Tribuna$9(OLS)http://pul/publisher/69734 LEADER 01699nam a2200361 u 4500 001 000000008713 003 CaOOAMICUS 005 20070226105126.0 008 940516s1984 it achf u000 u ita u 020 $a880203793 035 $a10223941 040 $aPUL(R)$bita$dEFR 100 1 $aBalbo, Cesare,$cconte,$d1789-1853.$0(OLS)http://pul/name/2243 240 10$aSelections$9(Balbo, Cesare, conte, 1789-1853).$0(OLS)http://pul/title/12758 245 10$aStoria d'Italia e altri scritti editi e inediti /$cdi Cesare Balbo ; a cura di Maria Fubini Leuzzi. 260 $aTorino :$bUTET,$c1984. 300 $a1033 p., [3] f. de pl. :$bill., portr., fac-sim. ;$c24 cm 490 1 $aClassici UTET 490 1 $aClassici della storiografia.$aSezione moderna 504 $a"Nota bibliografica"( p. 71-78) e indici. 650 0$aHistorians$zItaly.$2//eng$0(OLS)http://pul/subject/7355 651 0$aItaly$xHistory$y19th century.$2//eng$0(OLS)http://pul/subject/7356 651 0$aItaly$xHistoriography.$2//eng$0(OLS)http://pul/subject/6046 700 1 $aFubini Leuzzi, Maria.$0(OLS)http://pul/name/8669 830 0$aClassici UTET.$0(OLS)http://pul/title/1243 830 0$aClassici della storiografia (UTET).$pSezione moderna.$0(OLS)http://pul/title/12757 850 $aPUL 852 $aPUL$W1$xDP1 Cons. Gen., Altre Classi 1$y22$m844.H$j12272$nBK-PRI$b $qStampati$B12274$CPULBib$Z2$F12274 $H $81 941 1 $a8 961 $aINV: 73091 996 $6020$a880203793$9(OLS)http://pul/number/11211 996 $6245$aStoria d'Italia e altri scritti editi e inediti$9(OLS)http://pul/title/12759 996 $6260$aTorino :$bUTET$9(OLS)http://pul/publisher/48088